[Event "AUT-ch U14"]
[Site "St Kanzian"]
[Date "2018.05.20"]
[Round "4.6"]
[White "Hersel, Rudolf"]
[Black "Strobl, Samuel"]
[Result "0-1"]
[WhiteElo "1673"]
[BlackElo "1544"]
[PlyCount "82"]
[EventDate "2018.05.19"]
[EventType "swiss"]
[EventRounds "7"]
[EventCountry "AUT"]
[SourceTitle "EXT 2024"]
[Source "ChessBase"]
[SourceDate "2023.10.10"]
[SourceVersion "1"]
[SourceVersionDate "2023.10.10"]
[SourceQuality "1"]

1. d4 c5 2. c3 Nf6 3. Bf4 e6 4. e3 Nc6 5. Nd2 b6 6. Ngf3 Bb7 7. Bd3 Be7 8. 0-0 d5 9. h3 0-0 10. Rc1 c4 11. Bb1 Nh5 12. Bh2 g6 13. e4 Ng7 14. Re1 b5 15. Ne5 Bd6 16. exd5 exd5 17. Ndf3 b4 18. Rc2 a5 19. Rce2 a4 20. Nxc6 Bxc6 21. Bxd6 Qxd6 22. Ne5 Bb7 23. cxb4 Qxb4 24. Nd7 Rfd8 25. Nc5 Bc6 26. a3 Qb6 27. Rd2 Rdb8 28. Re7 c3 29. Qf3 Nf5 30. Bxf5 cxd2 31. Be6 d1Q+ 32. Qxd1 fxe6 33. Nxe6 Ra7 34. Rxa7 Qxa7 35. Qe2 Qe7 36. Qe5 Re8 37. Qg7+ Qxg7 38. Nxg7 Kxg7 39. f4 Re4 40. g3 Rxd4 41. b4 axb3 0-1

[Event "EU-ch U12 26th"]
[Site "Prague"]
[Date "2016.08.25"]
[Round "7"]
[White "Gogna, Aman"]
[Black "Hersel, Rudolf"]
[Result "1/2-1/2"]
[WhiteElo "1412"]
[BlackElo "1685"]
[PlyCount "51"]
[EventDate "2016.08.18"]
[EventType "swiss"]
[EventRounds "9"]
[EventCountry "CZE"]
[SourceTitle "CBM 174 Extra"]
[Source "ChessBase"]
[SourceDate "2016.10.10"]
[SourceVersion "1"]
[SourceVersionDate "2016.10.10"]
[SourceQuality "1"]

1. d4 d5 2. Nf3 Nf6 3. c4 e6 4. g3 Bb4+ 5. Bd2 Be7 6. Bg2 0-0 7. 0-0 Ne4 8. Bf4 c6 9. Nbd2 f5 10. Qc2 g5 11. Be5 Nd7 12. Nb3 Nxe5 13. Nxe5 Nd6 14. Rfd1 Bf6 15. cxd5 cxd5 16. Nd3 Rf7 17. Rac1 b6 18. e3 Ba6 19. Nb4 Rc8 20. Qb1 Bb7 21. Rf1 Rxc1 22. Rxc1 f4 23. Bh3 Qe7 24. exf4 gxf4 25. Re1 Ne4 26. Qd1 1/2-1/2

[Event "EU-ch U12 26th"]
[Site "Prague"]
[Date "2016.08.19"]
[Round "2"]
[White "Nezval, Filip"]
[Black "Hersel, Rudolf"]
[Result "1-0"]
[WhiteElo "1123"]
[BlackElo "1685"]
[PlyCount "95"]
[EventDate "2016.08.18"]
[EventType "swiss"]
[EventRounds "9"]
[EventCountry "CZE"]
[SourceTitle "CBM 174 Extra"]
[Source "ChessBase"]
[SourceDate "2016.10.10"]
[SourceVersion "1"]
[SourceVersionDate "2016.10.10"]
[SourceQuality "1"]

1. d4 d5 2. Nf3 Nf6 3. Bg5 e6 4. e3 Be7 5. Bd3 0-0 6. Ne5 Nc6 7. f4 Nxe5 8. fxe5 Ne4 9. Bxe7 Qxe7 10. 0-0 b6 11. c3 Bb7 12. Nd2 Nxd2 13. Qxd2 Rac8 14. Rf3 f6 15. exf6 Rxf6 16. Rh3 g6 17. Qe1 Rcf8 18. Qh4 R6f7 19. Bxg6 Rg7 20. Qxe7 Rxe7 21. Bd3 Rff7 22. Rg3+ Kh8 23. Rf1 Rxf1+ 24. Kxf1 e5 25. Rg5 e4 26. Be2 Rf7+ 27. Ke1 h6 28. Re5 Rg7 29. g3 Kg8 30. Bh5 c5 31. Re8+ Kh7 32. Rf8 cxd4 33. cxd4 Bc6 34. Rf7 Rxf7 35. Bxf7 a5 36. Kd2 Kg7 37. Bh5 Kf6 38. Kc3 Kg5 39. Be2 Bd7 40. h4+ Kf5 41. b4 axb4+ 42. Kxb4 Kf6 43. a4 Kf5 44. a5 bxa5+ 45. Kxa5 Kf6 46. Kb6 Bh3 47. Kc5 Ke6 48. Ba6 1-0

[Event "EU Union-ch U12 14th"]
[Site "Mureck"]
[Date "2016.08.11"]
[Round "9"]
[White "Vicze, Zsofia"]
[Black "Hersel, Rudolf"]
[Result "1-0"]
[WhiteElo "1428"]
[BlackElo "1685"]
[PlyCount "65"]
[EventDate "2016.08.03"]
[EventType "swiss"]
[EventRounds "9"]
[EventCountry "AUT"]
[SourceTitle "CBM 174 Extra"]
[Source "ChessBase"]
[SourceDate "2016.10.10"]
[SourceVersion "1"]
[SourceVersionDate "2016.10.10"]
[SourceQuality "1"]

1. e4 e5 2. Bc4 Nc6 3. c3 Nf6 4. d3 d6 5. Nf3 Be7 6. 0-0 Bg4 7. Nbd2 0-0 8. h3 Bh5 9. Re1 h6 10. Bb3 Nh7 11. g4 Bg6 12. Nf1 Bh4 13. Ng3 Bxg3 14. fxg3 Kh8 15. Rf1 Qd7 16. Kh2 h5 17. Nh4 hxg4 18. hxg4 Na5 19. Ba4 b5 20. Bc2 Nf6 21. Nf5 Bxf5 22. gxf5 Kh7 23. Rh1 Rh8 24. Kg2+ Kg8 25. Rxh8+ Kxh8 26. Qh1+ Nh7 27. Bd2 g6 28. Qh4 gxf5 29. Rh1 f6 30. Qxf6+ Kg8 31. Qg6+ Kh8 32. Qxf5 Qe7 33. Bg5 1-0

[Event "EU Union-ch U12 14th"]
[Site "Mureck"]
[Date "2016.08.08"]
[Round "6"]
[White "Hersel, Rudolf"]
[Black "Putar, Leon"]
[Result "0-1"]
[WhiteElo "1685"]
[BlackElo "1647"]
[PlyCount "118"]
[EventDate "2016.08.03"]
[EventType "swiss"]
[EventRounds "9"]
[EventCountry "AUT"]
[SourceTitle "CBM 174 Extra"]
[Source "ChessBase"]
[SourceDate "2016.10.10"]
[SourceVersion "1"]
[SourceVersionDate "2016.10.10"]
[SourceQuality "1"]

1. d4 Nf6 2. Nf3 e6 3. Bf4 d5 4. e3 c5 5. c3 Bd6 6. Bg5 0-0 7. Be2 b6 8. Nbd2 Ba6 9. Bxa6 Nxa6 10. Qe2 Nc7 11. Ne5 Be7 12. Nc6 Qd7 13. Nxe7+ Qxe7 14. Nf3 Nce8 15. Ne5 Rc8 16. 0-0 Nd6 17. Ng4 Nde4 18. Nxf6+ Nxf6 19. Qf3 Kh8 20. Rfe1 h6 21. Bxf6 Qxf6 22. Qxf6 gxf6 23. Rad1 c4 24. g3 f5 25. f3 Rg8 26. Kf2 Rce8 27. e4 fxe4 28. fxe4 Rd8 29. exd5 Rxd5 30. Re4 Rgg5 31. Rde1 Kg7 32. Re5 Kg6 33. Rxd5 Rxd5 34. Re4 Rf5+ 35. Ke2 Rb5 36. Kf3 Rxb2 37. Re2 Rxe2 38. Kxe2 Kf5 39. h3 b5 40. Kf3 a5 41. a3 h5 42. Ke3 f6 43. Kf3 e5 44. g4+ hxg4+ 45. hxg4+ Ke6 46. Ke4 exd4 47. Kxd4 Kd6 48. Ke4 Kc5 49. Kf5 b4 50. axb4+ axb4 51. cxb4+ Kxb4 52. Kxf6 c3 53. g5 c2 54. g6 c1Q 55. g7 Qf4+ 56. Ke7 Qg5+ 57. Kf7 Qf5+ 58. Ke7 Qg6 59. Kf8 Qf6+ 0-1

[Event "AUT-ch U12"]
[Site "St Veit"]
[Date "2016.05.14"]
[Round "2"]
[White "Pirveli, Luca"]
[Black "Hersel, Rudolf"]
[Result "1/2-1/2"]
[WhiteElo "1708"]
[BlackElo "1319"]
[PlyCount "61"]
[EventDate "2016.05.14"]
[EventType "swiss"]
[EventRounds "7"]
[EventCountry "AUT"]
[SourceTitle "CBM 172 Extra"]
[Source "ChessBase"]
[SourceDate "2016.06.21"]
[SourceVersion "1"]
[SourceVersionDate "2016.06.21"]
[SourceQuality "1"]

1. d4 d5 2. c4 Nf6 3. Nf3 Bf5 4. Nc3 e6 5. e3 Nc6 6. Be2 Nb4 7. 0-0 Nc2 8. Rb1 Nb4 9. Ra1 Nc2 10. Rb1 Nb4 11. Bd2 Bxb1 12. Qxb1 Nc6 13. cxd5 Nxd5 14. e4 Nxc3 15. Bxc3 Bb4 16. Re1 0-0 17. Bd3 Bxc3 18. bxc3 b6 19. e5 g6 20. Be4 Qe8 21. Kh1 Rc8 22. Qb5 Ne7 23. Qb3 Rd8 24. Rd1 Nd5 25. Rc1 Qd7 26. Bd3 Rc8 27. Ba6 Rb8 28. Bc4 Rbc8 29. Ba6 Rb8 30. Bc4 Rbc8 31. Ba6 1/2-1/2